000 00357nam a22001097a 4500
082 _a620.3 WIL'P
100 _aWILSON, W. K
_979099
245 _aPRACTICAL SOLUTION OF TORSIONAL VIBRATION PROBLEMS WITH EXAMPLES FROM MARINE ELECTRICAL AERONATICAL AND AUTOMOBILE ENGINEERING PRACTICE
250 _aV-2
260 _aLONDON
_bCHAPMAN & HALL
_c1965
942 _cBK
999 _c585107
_d585107